Ekonomický a sociálny rozvoj Slovenska: efektívnosť verejnej správy – malé a stredné podnikanie – európske hospodárstvo zborník príspevkov

Salvato in:
Dettagli Bibliografici
Enti autori: Ekonomický a sociálny rozvoj Slovenska: efektívnosť verejnej správy – malé a stredné podnikanie – európske hospodárstvo. Medzinárodná vedecká konferencia, Vysoká škola ekonómie a manažmentu verejnej správy v Bratislave
Altri autori: Balajová, Lucia, Kulová, Edita, Prusáková, Viera, Škultéty, Peter
Natura: Libro
Lingua:slovacco
ceco
inglese
Pubblicazione: Bratislava VŠEMVS 2017
Edizione:1. vydanie
Soggetti:
Tags: Aggiungi Tag
Nessun Tag, puoi essere il primo ad aggiungerne!!

MARC

LEADER 00000nlm a2200000 4500
001 0249739
005 20240515112113.0
020 |a 978-80-89654-39-0 
041 0 |a slo 
041 0 |a cze 
041 0 |a eng 
044 |a SK 
245 1 0 |a Ekonomický a sociálny rozvoj Slovenska: efektívnosť verejnej správy – malé a stredné podnikanie – európske hospodárstvo  |b zborník príspevkov  |c redaktorky: Lucia Balajová, Edita Kulová 
250 |a 1. vydanie 
264 1 |a Bratislava  |b VŠEMVS  |c 2017 
300 |a 386 s. 
610 2 0 |a správa verejná 
610 2 0 |a transparentnosť 
610 2 0 |a odbornosť 
610 2 0 |a služba verejná 
610 2 0 |a modernizácia 
610 2 0 |a kvalita 
610 2 0 |a správa miestna 
610 2 0 |a regióny 
610 2 0 |a správa štátna 
610 2 0 |a ekonomika znalostná 
610 2 0 |a vzdelávanie 
610 2 0 |a výskum 
610 2 0 |a podpora podnikania 
610 2 0 |a podnikanie malé 
610 2 0 |a podnikanie stredné 
610 2 0 |a Slovensko 
610 2 0 |a Európa 
700 1 |a Balajová, Lucia 
700 1 |a Kulová, Edita 
700 1 |a Prusáková, Viera 
700 1 |a Škultéty, Peter 
110 2 |a Ekonomický a sociálny rozvoj Slovenska: efektívnosť verejnej správy – malé a stredné podnikanie – európske hospodárstvo. Medzinárodná vedecká konferencia 
710 2 |a Vysoká škola ekonómie a manažmentu verejnej správy v Bratislave